Historical Dictionary of Tanzania (Record no. 3521)

MARC details
005 - DATE AND TIME OF LATEST TRANSACTION
control field 20250609131710.0
020 ## - INTERNATIONAL STANDARD BOOK NUMBER
International Standard Book Number 0-8108-1101-4
082 ## - DEWEY DECIMAL CLASSIFICATION NUMBER
Classification number 967.8003 KUR
100 ## - MAIN ENTRY--PERSONAL NAME
Author name KURTZ, L.
245 ## - TITLE STATEMENT
Title Historical Dictionary of Tanzania
260 ## - PUBLICATION, DISTRIBUTION, ETC.
Place of publication, distribution, etc. London,
Name of publisher, distributor, etc. The Scarecrow Press,
Date of publication, distribution, etc. 1978.
300 ## - PHYSICAL DESCRIPTION
Extent xxxi, 331p.: Ill.; map.
Other physical details Bibliographical references
Dimensions 24cm.
942 ## - ADDED ENTRY ELEMENTS (KOHA)
Source of classification or shelving scheme Dewey Decimal Classification
Koha item type Books
Holdings
Date last seen Total checkouts Full call number Barcode Cost, replacement price Price effective from Koha item type Lost status Source of classification or shelving scheme Damaged status Not for loan Withdrawn status Home library Current library Shelving location Date acquired Cost, normal purchase price
06/09/2025   REF 967.8003 KUR 00000011730 30000.00 06/09/2025 Books   Dewey Decimal Classification       College of Business Education Main Library College of Business Education Main Library Reference Collection 06/25/1977 10000.00
06/09/2025   REF 967.8003 KUR 00000011731 30000.00 06/09/2025 Books   Dewey Decimal Classification       College of Business Education Main Library College of Business Education Main Library Reference Collection 06/25/1977 10000.00